01616cam a2200445 a 450000500170000000800410001702000150005804100080007310000270008124500590010825000110016726000420017830000110022050001260023165300180035765300250037565300280040065300260042865300520045465300350050665300400054165300370058165300180061865300360063665300210067265300470069365300240074065300310076465300540079565300350084965300480088465300410093265300150097365300230098865300280101165300350103965300160107465300490109070000310113920240619094943.0100707s2002||||sp a f |||| 001 0 spa d a8481746088 aspa1 aSan Miguel, Jesús F. aCuestiones en Hematología / cJesús F. San Miguel a2a ed. aMadrid: bElsevier ; Harcourt;c2002. a243 p. aSan Miguel, J. F. y Sánchez-Guijo, F. M. (2002). Cuestiones en Hematología. (2a ed.). Madrid : Elsevier ; Harcourt. aHematopoyesis aAnemia ferropénica aAnemia megaloblástica aAnemias hemolíticas aAnemias secundarias y anemias sideriblásticas aSíndromes mielodisplásicos aAplasia medular y eritoblastopenias aAlteraciones de los granulocitos aQuimioterapia aSíndromes mieloproliferativos aLeucemias agudas aSíndromes linfoproliferativos crónicos aLinfomas no Hodgkin aGammapatías monoclonales aEnfermedades del sistema mononuclear fagocítico aAdenopatías y esplenomegalia aTrasplante de precursores hematopoyéticos aFisiopatología de la coagulación aPúrpuras aHipocoagulabilidad aDiátesis trombótica aTerapéutica antitrombótica aHemoterapia aApéndice: valores normales hematológicos1 aSánchez-Guijo, Fermin M.